000 01074cad a22002175a 4500
001 L146783
008 090226e20090108xxk f 000 0 eng d
035 _a(Sirsi) u146783
041 0 _aeng
110 2 _aChartered Institution of Building Services Engineers
_92360
245 0 0 _aSurvey reveals growing awareness over value of Energy Certificate recommendations
_h[electronic resource]
260 _c2009
490 0 _aCIBSE Press Release
_v8 January 2009
520 _aReports the results of a survey on the value of EPC recommendations carried out amongst property professionals. Reveals that there is growing awareness that the true value of the certificates is in the recommendations and that most property professionals would like a low cost standard certificate.
590 _aKA
650 2 4 _aCOMMERCIAL ENERGY PERFORMANCE CERTIFICATES
651 4 _aUnited Kingdom
_y
690 _aBUILT ENVIRONMENT-SUSTAINABLE CONSTRUCTION
856 4 0 _uhttps://www.cibse.org/index.cfm?go=news.view&item=58
_zView the item free of charge at www.cibse.org...
942 _n0
999 _c81291
_d81291